Yoga texts - I : (Record no. 51503)

MARC details
000 -LEADER
fixed length control field 00692nam a2200241Ia 4500
005 - DATE AND TIME OF LATEST TRANSACTION
control field 20260429111932.0
008 - FIXED-LENGTH DATA ELEMENTS--GENERAL INFORMATION
fixed length control field 260429s9999||||xx |||||||||||||| ||und||
020 ## - INTERNATIONAL STANDARD BOOK NUMBER
International Standard Book Number 9789359786391
041 ## - LANGUAGE CODE
Language English
082 ## - DEWEY DECIMAL CLASSIFICATION NUMBER
Classification number 294.543
Item number SIN
100 ## - MAIN ENTRY--PERSONAL NAME
Personal name Singh Vikram
245 #0 - TITLE STATEMENT
Title Yoga texts - I :
Remainder of title principal Upanishads, bhagavad gita and yoga Vasishta /
Statement of responsibility, etc Singh Vikram
250 ## - EDITION STATEMENT
Edition statement 1st ed.
260 ## - PUBLICATION, DISTRIBUTION, ETC. (IMPRINT)
Place of publication, distribution, etc New Delhi :
Name of publisher, distributor, etc Friends Publications (India),
Date of publication, distribution, etc 2024.
300 ## - PHYSICAL DESCRIPTION
Extent 304 p.; pbk
440 ## - SERIES STATEMENT/ADDED ENTRY--TITLE
Title Instant notes on yoga 2
650 ## - SUBJECT ADDED ENTRY--TOPICAL TERM
Topical term or geographic name as entry element Bhagavad Gita
650 ## - SUBJECT ADDED ENTRY--TOPICAL TERM
Topical term or geographic name as entry element Hindu sacred texts
650 ## - SUBJECT ADDED ENTRY--TOPICAL TERM
Topical term or geographic name as entry element Yoga philosophy
650 ## - SUBJECT ADDED ENTRY--TOPICAL TERM
Topical term or geographic name as entry element Upanishads
700 ## - ADDED ENTRY--PERSONAL NAME
Personal name Joshi, Navdeep
942 ## - ADDED ENTRY ELEMENTS (KOHA)
Koha item type Text Books
Holdings
Withdrawn status Lost status Damaged status Not for loan Collection code Home library Location Shelving location Date of Cataloging Source of acquisition Total Checkouts Full call number Barcode Date last seen Price effective from Koha item type
        Non-fiction CUTN Central Library CUTN Central Library Religion 29/04/2026 T R Publications, Chennai - Invoice No. TRPHO/2025/CRB/185 on 09-02-2026   294.543 SIN 56522 29/04/2026 29/04/2026 Text Books